000 00375nam a2200157Ia 4500
008 230524s9999 xx 000 0 und d
082 _a621.33
_bTEW
100 _aJ.P.Tewari
245 0 _aBasic Electrical Engineering
250 _a1ST
260 _aNEW DELHI
_bNew Age
_c2003
300 _aXII;801
500 _aQuantity Number: 1
650 _aElectrical
942 _cBK
999 _c36831
_d36831